Normal view
MARC view
- التعليم-مكافحة الأمية-الجمعيات النسائية-الأردن
Entry Topical Term
001 - CONTROL NUMBER
- control field: 15293
003 - CONTROL NUMBER IDENTIFIER
- control field: JO-AjAnu
005 - DATE AND TIME OF LATEST TRANSACTION
- control field: 20230606072735.0
008 - FIXED-LENGTH DATA ELEMENTS
- fixed length control field: 230606|| aca||aabn | a|a d
040 ## - CATALOGING SOURCE
- Original cataloging agency: JO-AjAnu
- Transcribing agency: JO-AjAnu
150 ## - HEADING--TOPICAL TERM
- Topical term or geographic name entry element: التعليم-مكافحة الأمية-الجمعيات النسائية-الأردن
670 ## - SOURCE DATA FOUND
- Source citation: Work cat.: (JO-AjAnu)7851: نمر،كمال كامل عبدالحميد, author 15292, دور الجمعيات النسائية في مكافحة الأمية